| 000 | 01784nac a22004211u 4500 | ||
|---|---|---|---|
| 999 |
_c3204 _d3204 |
||
| 003 | EG-ScBUE | ||
| 005 | 20210315103145.0 | ||
| 008 | 200219t1988 nyu f b 000 d eng d | ||
| 020 | _a0553212826 (pbk.) : | ||
| 040 |
_aEG-ScBUE _beng _erda _cEG-ScBUE _dEG-ScBUE |
||
| 082 | 0 | 4 |
_a822.33 _bSHA _222 |
| 100 | 1 |
_aShakespeare, William, _d1564-1616, _eauthor. |
|
| 245 | 1 | 0 |
_aThree early comedies / _cWilliam Shakespeare ; edited by David Bevington [and three others] ; with a foreword by Joseph Papp. |
| 246 | 3 | _a3 early comedies | |
| 264 | 1 |
_aNew York : _bBantam Books, _c[1988] |
|
| 264 | 4 | _cc1988 | |
| 300 |
_axxii, 420 pages ; _c22 cm. |
||
| 336 |
_2rdacontent _atext _btxt |
||
| 337 |
_2rdamedia _aunmediated _bn |
||
| 338 |
_2rdacarrier _avolume _bnc |
||
| 490 | 0 | _aA Bantam classic | |
| 500 | _a"Newly edited text and substantially revised, edited, and amplified notes, introductions, and other materials"--T.p. verso. | ||
| 504 | _aIncludes bibliographical references. | ||
| 505 | 0 | _aLove's labor's lost -- The two gentlemen of Verona -- The merry wives of Windsor. | |
| 650 | 7 |
_aEnglish drama _y1500-1600, Early modern and Elizabethan. _2BUEsh |
|
| 651 | _2BUEsh | ||
| 653 |
_bHHUUEENN _cMarch2021 |
||
| 655 |
_vReading book _934232 |
||
| 700 | 1 |
_aBevington, David M., _eeditor. |
|
| 700 | 1 |
_aKastan, David Scott, _eeditor. |
|
| 700 | 1 |
_aHammersmith, James, _eeditor. |
|
| 700 | 1 |
_aTurner, Robert Kean, _d1926- _eeditor. |
|
| 700 | 1 |
_aPapp, Joseph, _eauthor of introduction, etc. |
|
| 740 | 0 | _a3 early comedies. | |
| 856 | 4 | 2 |
_3Publisher description _uhttp://www.loc.gov/catdir/description/random049/87019517.html |
| 856 | 4 | 2 |
_3Contributor biographical information _uhttp://www.loc.gov/catdir/enhancements/fy0601/87019517-b.html |
| 942 |
_cBB _k822.33Sh152 _2ddc |
||